Handbuch der Orientalischen Teppichkunde (Record no. 4546)

MARC details
000 -CABECERA
campo de control de longitud fija 00830nam a2200253 a 4500
001 - NÚMERO DE CONTROL
campo de control BRCA_4852
005 - FECHA Y HORA DE LA ÚLTIMA TRANSACCIÓN
campo de control 20190320204830.0
008 - DATOS DE LONGITUD FIJA--INFORMACIÓN GENERAL
campo de control de longitud fija 220910s1923----gw-a######---#000-0#ger-#
041 ## - CÓDIGO DE LENGUA
Código de lengua del texto/banda sonora o título independiente ger
044 ## - CÓDIGO DEL PAÍS DE LA ENTIDAD EDITORA/PRODUCTORA
Código MARC del país gw
050 #4 - SIGNATURA TOPOGRÁFICA DE LA BIBLIOTECA DEL CONGRESO
Número de clasificación NK2808
Número de documento/Ítem .N48 2
-- 1923
100 1# - ENTRADA PRINCIPAL--NOMBRE DE PERSONA
Nombre de persona Neugebauer, Rudolf
9 (RLIN) 12284
245 10 - MENCIÓN DE TÍTULO
Título Handbuch der Orientalischen Teppichkunde
Mención de responsabilidad, etc. von Rudolf Neugebauer und Julius Orendi ; mit einer einführung Richard Graul.
260 ## - PUBLICACIÓN, DISTRIBUCIÓN, ETC.
Lugar de publicación, distribución, etc. Leipzig, Alemania
Nombre del editor, distribuidor, etc. Karl W. Hiersemann
Fecha de publicación, distribución, etc. 1923
300 ## - DESCRIPCIÓN FÍSICA
Extensión xii, 246 p.
Otras características físicas il. (algunas a color), 1 mapa plegable
Dimensiones 24 cm.
440 #0 - MENCIÓN DE SERIE/PUNTO DE ACCESO ADICIONAL--TÍTULO
Título Hiersemanns handbücher
Designación de volumen o secuencia 4
9 (RLIN) 7398
500 ## - NOTA GENERAL
Nota general Ver también D14 (1920) y Y100 (1909)
500 ## - NOTA GENERAL
Nota general D63
650 14 - PUNTO DE ACCESO ADICIONAL DE MATERIA--TÉRMINO DE MATERIA
Término de materia o nombre geográfico como elemento de entrada Tapetes orientales
9 (RLIN) 7601
700 1# - PUNTO DE ACCESO ADICIONAL--NOMBRE DE PERSONA
Nombre de persona Orendi, Julius
9 (RLIN) 12285
700 1# - PUNTO DE ACCESO ADICIONAL--NOMBRE DE PERSONA
Nombre de persona Graul, Richard
9 (RLIN) 7472
902 ## - CATALOGADOR
Iniciales GFM
942 ## - ELEMENTOS DE PUNTO DE ACCESO ADICIONAL (KOHA)
Fuente del sistema de clasificación o colocación Library of Congress Classification
Tipo de ítem Koha Libros
Holdings
Estado de retiro Estado de pérdida Estado dañado No para préstamo Localización permanente Ubicación/localización actual Fecha de adquisición Número de inventario Total de préstamos Signatura topográfica completa Código de barras Fecha visto por última vez Precio válido a partir de Tipo de ítem Koha
El ejemplar forma parte de la colección y puede ser consultado según las políticas vigentes.       Biblioteca del Museo Franz Mayer (Rogerio Casas-Alatriste) Biblioteca del Museo Franz Mayer (Rogerio Casas-Alatriste) 13/10/2010 D63   NK2808 .N48 2 1923 (D63) 4885 22/03/2019 22/03/2019 Libros